000 00716nam a2200181Ia 4500
005 20251020182531.0
008 200515s9999 xx 000 0 und d
082 _a699.881/A75
100 _aARNOLD, Christopher REITHERMAN, Robert
245 0 _aConfiguración y diseño sísmico de edificios
260 _aMéxico, D.F.
260 _c1995
500 _a1 ejemplar
520 _aGuía para el diseño de estructuras resistentes a los sismos, enfocada al campo de la arquitectura. El propósito de la obra consiste en aclarar en términos no matemáticos sencillos, la manera en que la arquitectura de un edificio influye en la capacidad de
650 _aDISEÑO SISMORESISTENTE
650 _aLIB
942 _cLIB
999 _c2068
_d2068